Key trends in mortgage lending 1985-2000 : results from the survey of mortgage lenders (Record no. 67322)

MARC details
000 -LEADER
fixed length control field 00750cam a2200217 4500
001 - CONTROL NUMBER
control field X113088
008 - FIXED-LENGTH DATA ELEMENTS--GENERAL INFORMATION
fixed length control field 000000n2001 000 0 eng u
035 ## - SYSTEM CONTROL NUMBER
System control number (Sirsi) u113088
100 ## - MAIN ENTRY--PERSONAL NAME
Personal name Smith, J.
245 ## - TITLE STATEMENT
Title Key trends in mortgage lending 1985-2000 : results from the survey of mortgage lenders
260 ## - PUBLICATION, DISTRIBUTION, ETC.
Date of publication, distribution, etc. 2001
490 ## - SERIES STATEMENT
Series statement Housing Finance
Volume/sequential designation (50) May 2001, 16-23(8)
520 ## - SUMMARY, ETC.
Summary, etc. Draws on statistical data from the "Survey of mortgage lenders" to reveal key characteristics of mortgage lending and borrowing between 1985 and 2000. Graphs, tables.
650 ## - SUBJECT ADDED ENTRY--TOPICAL TERM
Topical term or geographic name entry element CML
650 ## - SUBJECT ADDED ENTRY--TOPICAL TERM
Topical term or geographic name entry element COUNCIL OF MORTGAGE LENDERS
650 ## - SUBJECT ADDED ENTRY--TOPICAL TERM
Topical term or geographic name entry element MORTGAGE LENDING
650 ## - SUBJECT ADDED ENTRY--TOPICAL TERM
Topical term or geographic name entry element MORTGAGES
650 ## - SUBJECT ADDED ENTRY--TOPICAL TERM
Topical term or geographic name entry element STATISTICS
690 ## - LOCAL SUBJECT ADDED ENTRY--TOPICAL TERM (OCLC, RLIN)
Topical term or geographic name as entry element HOUSING-FINANCE
942 ## - ADDED ENTRY ELEMENTS (KOHA)
Suppress in OPAC 0
Holdings
Withdrawn status Lost status Source of classification or shelving scheme Damaged status Not for loan Home library Current library Shelving location Date acquired Total Checkouts Full call number Barcode Date last seen Copy number Price effective from Koha item type
    Dewey Decimal Classification     London London Journal article 14/06/2001   X113088 113088-1001 06/08/2019 1 06/08/2019 Journal article